| 000 | 00924nam a22002655a 4500 | ||
|---|---|---|---|
| 003 | OSt | ||
| 005 | 20161102125829.0 | ||
| 008 | 161102s2010 ua frb 000 0 ara d | ||
| 015 | _a2008/25239 | ||
| 020 | _a9789770453881 | ||
| 040 |
_aEG-ScBUE _bara _cEG-ScBUE |
||
| 043 | _af-ua--- | ||
| 082 | 0 | 4 |
_a344.04 _bي ح ي _222 |
| 100 | 1 | _aيحيى، عادل. | |
| 245 | 1 | 2 |
_aالحماية الجنائية للحق في الصحة بين النظرية والتطبيق / _cعادل يحيى. |
| 250 | _aط. 1. | ||
| 260 |
_aالقاهرة : _bدار النهضة العربية، _c2010. |
||
| 300 |
_a296 ص. ؛ _c24 سم. |
||
| 500 | _aيشتمنل على قائمة اختصارات. | ||
| 504 | _aيشتمل على إرجاعات ببليوجرافية. | ||
| 650 | 0 |
_aالصحة العامة _xقوانين وتشريعات _zمصر. _2BUEsh |
|
| 651 | _2BUEsh | ||
| 653 |
_bLLAAWW _cNovember2016 |
||
| 942 | _2ddc | ||
| 999 |
_c22989 _d22961 |
||